Statistics for Best La Liga Players on FIFA Soccer 13

Click here to take the quiz!

General Stats

  • This quiz has been taken 3,619 times
  • The average score is 9 of 13

Answer Stats

Hint Answer % Correct
CFLionel Messi (94)
98%
LWCristiano Ronaldo (92)
97%
GKIker Casillas (89)
88%
CBSergio Ramos (87)
87%
CMXavi (90)
86%
RBDani Alves (84)
79%
LBMarcelo (83)
74%
CDMSergio Busquets (85)
60%
STRadamel Falcao (88)
52%
RMAngél Di Maria (86)
50%
CAMMesut Oezil (87)
48%
RWAlexis Sánchez (85)
46%
LMAndrés Guadardo (82)
1%

Score Distribution

Percentile by Number Answered

Percent of People with Each Score

Your Score History

You have not taken this quiz